Szczegóły MARC21

Zatrudnianie osób niepełnosprawnych : regulacje prawne /

003 -Nazwa inst., której nr kontr. jest w polu 001 [,]
    • @
    • Nazwa instytucji, której n kontrolny jest w polu 001
    • NUKAT
005 -DATA I CZAS OSTATNIEJ MODYFIKACJI [,]
    • @
    • pole kontrolne
    • 20241231101521.0
020 -Międzynarod. znormalizowany nr książki - ISBN [ , ]
    • a
    • Numer ISBN
    • 9788379302802 Find
040 -Instytucja sporządzająca opis [ , ]
    • a
    • Instytucja, która sporządziła opis (NP)
    • OLSZT 003/DS
    • c
    • Instytucja, która sporządziła rekord (NP)
    • OLSZT 003/DSs
    • d
    • Instytucja, która zmodyfikowała rekord (P)
    • OLSZT 003/JG
942 -Rodzaj dokumentu [ , ]
    • c
    • Rodzaj dokumentu
    • Książka
245 -Strefa tytułu i oznaczenia odpowiedzialności [0,0]
    • a
    • Tytuł
    • Zatrudnianie osób niepełnosprawnych : Find
    • b
    • Ciąg dalszy tytułu (NP)
    • regulacje prawne / Find
    • c
    • Pozostałe elementy strefy tytułu i oznaczenia odpowiedzialności (NP)
    • [red. nauk.] Aneta Giedrewicz-Niewińska, Marzena Szabłowska-Juckiewicz.
260 -Strefa adresu wydawniczego [ , ]
    • a
    • Miejsce wydania (P)
    • Warszawa :
    • b
    • Nazwa wydawcy (P)
    • Difin,
    • c
    • Data wydania (P)
    • 2014.
300 -Strefa opisu fizycznego [ , ]
    • a
    • Określenie formy książki i/lub objętość (NP)
    • 313 s. ;
    • c
    • Format (NP)
    • 23 cm.
336 -Typ zawartości [ , ]
    • a
    • Termin opisujący typ zawartości
    • Tekst
    • b
    • Kod określający zawartość
    • txt
    • 2
    • Źródło (terminu i kodu)
    • rdacontent
337 -Typ mediów [ , ]
    • a
    • Tryb odtwarzania
    • Bez urządzenia pośredniczącego
    • b
    • Kod typu mediów
    • n
    • 2
    • Źródło (terminu i kodu)
    • rdamedia
338 -Typ/rodzaj nośnika [ , ]
    • a
    • Hasło opisujące typ nośnika
    • Wolumin
    • b
    • Kod typu nośnika
    • nc
    • 2
    • Źródło (terminu i kodu)
    • rdacarrier
500 -Uwaga ogólna [ , ]
    • a
    • Uwaga ogólna (NP)
    • Wykaz orzecznictwa s. 311-313.
504 -Uwaga dot. bibliogr. załącznikowej [ , ]
    • a
    • Uwaga dot. bibliografii załącznikowej
    • Bibliogr. s. 299-310.
080 -Uniwersalna Klasyfikacja Dziesiętna [ , ]
    • 2
    • Identyfikator wydania tablic
    • UDC-P058
    • 9
    • UKD
    • 3003
    • a
    • Symbol klasyfikacji
    • 331-056.26
    • b
    • Dopowiedzenie
    • Praca niepełnosprawnych fizycznie. Kalecy. Inwalidzi. Rehabilitacja inwalidów.
    • 4
    • UKD2
    • 7642
    • x
    • Poddział wspólny
    • (438)
    • c
    • Dopowiedzenie poddz. wspólnego
    • (Polska).
080 -Uniwersalna Klasyfikacja Dziesiętna [ , ]
    • 2
    • Identyfikator wydania tablic
    • UDC-P058
    • 9
    • UKD
    • 3004
    • a
    • Symbol klasyfikacji
    • 331-056.36
    • b
    • Dopowiedzenie
    • Praca osób upośledzonych i niedorozwiniętych umysłowo.
    • 4
    • UKD2
    • 7642
    • x
    • Poddział wspólny
    • (438)
    • c
    • Dopowiedzenie poddz. wspólnego
    • (Polska).
080 -Uniwersalna Klasyfikacja Dziesiętna [ , ]
    • 2
    • Identyfikator wydania tablic
    • UDC-P058
    • 9
    • UKD
    • 3592
    • a
    • Symbol klasyfikacji
    • 349.2
    • b
    • Dopowiedzenie
    • Prawo pracy.
    • 4
    • UKD2
    • 7642
    • x
    • Poddział wspólny
    • (438)
    • c
    • Dopowiedzenie poddz. wspólnego
    • (Polska).
650 -Hasło przedmiotowe [ ,7]
    • a
    • Hasło przedmiotowe
    • Osoby z niepełnosprawnością
    • x
    • Określnik rzeczowy
    • praca
    • x
    • Określnik rzeczowy
    • prawo
    • z
    • Określnik geograficzny
    • Kraje Unii Europejskiej
    • y
    • Określnik chronologiczny
    • 1990-.
    • 2
    • Źródło terminu
    • kaba
    • 9
    • KHW
    • 384081
650 -Hasło przedmiotowe [ ,7]
    • a
    • Hasło przedmiotowe
    • Osoby z niepełnosprawnością
    • x
    • Określnik rzeczowy
    • praca
    • x
    • Określnik rzeczowy
    • prawo
    • z
    • Określnik geograficzny
    • Polska
    • y
    • Określnik chronologiczny
    • 1990-.
    • 2
    • Źródło terminu
    • kaba
    • 9
    • KHW
    • 353404
980 -Symbol UKD [ , ]
    • a
    • UKD
    • 331-056.26:331-056.36:349.2](438)
700 -Hasło dodatkowe - nazwa osobowa [1, ]
    • a
    • Nazwa osobowa (NP)
    • Giedrewicz-Niewińska, Aneta. Find
    • e
    • Określenie rodzaju współpracy
    • Red.
    • 9
    • KHW
    • 73272
700 -Hasło dodatkowe - nazwa osobowa [1, ]
    • a
    • Nazwa osobowa (NP)
    • Szabłowska-Juckiewicz, Marzena Find
    • d
    • Daty biograficzne (NP)
    • (1979- ).
    • e
    • Określenie rodzaju współpracy
    • Red.
    • 9
    • KHW
    • 73273
710 -Hasło dodatkowe - nazwa ciała zbiorowego [2, ]
    • a
    • Nazwa ciała zbiorowego lub nazwa geograficzna jako pierwszy element (NP)
    • Difin.
    • 4
    • Kod relacji
    • pbl
    • 9
    • KHW
    • 52248
920 -ISBN [ , ]
    • a
    • ISBN
    • 978-83-7930-280-2 Find
Data inwentaryzacji Sygnatura Status udost. Lokalizacja Numer inwentarzowy
2014-11-18 -2BEE.75517
2015-08-13349.2-2BEGW.5258
2014-05-16 1BGZ.118552
2014-06-18SA.226951BSASA.22695